LEADER 00722nam2 22002171i 450 001 990002300470403321 035 $a000230047 035 $aFED01000230047 035 $a(Aleph)000230047FED01 035 $a000230047 100 $a20030801d--------km-y0itay50------ba 200 1 $a<>Free-Wilson method and its relationship to the extrathermodynamic approach. Oxford, 1990, v. 4, p. 589-643. 463 0$1001000220893 701 1$aKubinyi,$bHugo$096070 801 0$aIT$bUNINA$gRICA$2UNIMARC 901 $aBK 912 $a990002300470403321 959 $aFFABC 996 $aFree-Wilson method and its relationship to the extrathermodynamic approach. Oxford, 1990, v. 4, p. 589-643$9388448 997 $aUNINA DB $aING01 LEADER 01068nam a2200277 i 4500 001 991001884089707536 005 20020508183245.0 008 940214s1979 de ||| | ger 020 $a3525251025 035 $ab10927086-39ule_inst 035 $aPARLA150544$9ExL 040 $aDip.to Scienze dell'Antichitā$bita 100 1 $aKnauer, Georg Nicolaus$0187407 245 14$aDie Aeneis und Homer :$bstudien zur poetischen Technik Vergils mit Listen der Homerzitate in der Aeneis /$cGeorg Nicolaus Knauer 250 $a2. aufl 260 $aGottingen :$bVandenhoeck und Ruprecht,$c1979 300 $a549 p., 5 cart. ripieg. ;$c24 cm 490 0 $aHypomnemata ;$v7 650 4$aVirgilio Marone, Publio 700 1 $aVergilius Maro, Publius 907 $a.b10927086$b23-02-17$c28-06-02 912 $a991001884089707536 945 $aLE007 870.1 Vergilius KNA 01.501$g1$i2015000105448$lle007$o-$pE0.00$q-$rl$s- $t0$u0$v0$w0$x0$y.i1103158x$z28-06-02 996 $aAeneis und Homer$9556139 997 $aUNISALENTO 998 $ale007$b01-01-94$cm$da $e-$fger$gde $h4$i1 LEADER 02027nam 2200457z- 450 001 9910502688003321 005 20211006 010 $a1000130842 035 $a(CKB)5590000000567205 035 $a(oapen)https://directory.doabooks.org/handle/20.500.12854/72046 035 $a(oapen)doab72046 035 $a(EXLCZ)995590000000567205 100 $a20202110d2021 |y 0 101 0 $ager 135 $aurmn|---annan 181 $ctxt$2rdacontent 182 $cc$2rdamedia 183 $acr$2rdacarrier 200 00$aDer Einfluss nachhaltigkeitsbezogener Objektmerkmale auf den Wert von Immobilien - ein Beitrag zur Weiterentwicklung von Datenhaltung und Wertermittlungsverfahren 210 $aKarlsruhe$cKIT Scientific Publishing$d2021 215 $a1 online resource (586 p.) 225 1 $aKarlsruher Schriften zur Bau-, Wohnungs- und Immobilienwirtschaft 311 08$a3-7315-1094-4 330 $aThis work starts with the real estate industry as an important field of action for sustainable development and examines the consideration of sustainability-relevant property characteristics in the valuation of real estate. Taking into account econometric methods, the willingness to pay and the understanding of sustainability in real estate as well as the increase in value of sustainable object attributes is analysed. 606 $aEconomics$2bicssc 610 $aImmobilienbewertung 610 $aImmobilienwirtschaft 610 $aNachhaltigkeit 610 $aReal estate economy 610 $areal estate valuation 610 $aregression analysis 610 $aRegressionsanalyse 610 $asustainability 610 $avaluation 610 $aWertermittlung 615 7$aEconomics 700 $aJäger$b Anjulie$4auth$01300229 906 $aBOOK 912 $a9910502688003321 996 $aDer Einfluss nachhaltigkeitsbezogener Objektmerkmale auf den Wert von Immobilien ? ein Beitrag zur Weiterentwicklung von Datenhaltung und Wertermittlungsverfahren$93025466 997 $aUNINA